Essential research methods for social work (Record no. 177992)

MARC details
000 -LEADER
fixed length control field 00436nam a22001697a 4500
003 - CONTROL NUMBER IDENTIFIER
control field OSt
020 ## - INTERNATIONAL STANDARD BOOK NUMBER
International Standard Book Number 9781133355069
082 ## - DEWEY DECIMAL CLASSIFICATION NUMBER
Classification number 001.42
Item number RUB/ES
100 ## - MAIN ENTRY--PERSONAL NAME
Personal name Rubin, Allen
245 ## - TITLE STATEMENT
Title Essential research methods for social work
250 ## - EDITION STATEMENT
Edition statement 3
260 ## - PUBLICATION, DISTRIBUTION, ETC. (IMPRINT)
Place of publication, distribution, etc. U s, Newdelhi
Name of publisher, distributor, etc. cengage learning
Date of publication, distribution, etc. 2013
300 ## - PHYSICAL DESCRIPTION
Extent 397p.
650 ## - SUBJECT ADDED ENTRY--TOPICAL TERM
Topical term or geographic name as entry element Introduction to scientific inquiry in social work
700 ## - ADDED ENTRY--PERSONAL NAME
Personal name Babbie, Earl
942 ## - ADDED ENTRY ELEMENTS (KOHA)
Source of classification or shelving scheme Dewey Decimal Classification
Koha item type Reference Book
Holdings
Withdrawn status Lost status Source of classification or shelving scheme Damaged status Not for loan Collection code Home library Current library Shelving location Date acquired Cost, normal purchase price Total Checkouts Full call number Barcode Date last seen Price effective from Koha item type
    Dewey Decimal Classification     Reference Book College of Co-operation, Banking & Management Library, Vellanikkara College of Co-operation, Banking & Management Library, Vellanikkara Reference 19/10/2017 2948.00   001.42 RUB/ES KAU_CCBM-15411 19/10/2017 19/10/2017 Reference Book
Kerala Agricultural University Central Library
Thrissur-(Dt.), Kerala Pin:- 680656, India
Ph : (+91)(487) 2372219
E-mail: librarian@kau.in
Website: http://library.kau.in/